000
002540000a22000970004500
100
1
_a
Williams, Lewin L.
245
1
0
_a
¿Por qué una teología negra?
300
_a
Vol. 13, Num 1 (Junio, 1993), Páginas 24-39
773
0
_t
Vida y pensamiento
942
_c
ANA
999
_c
53025
_d
53025